000 01144nam a2200253 a 4500
001 BRCA_35
005 20190320202844.0
008 921019s2010####mx-a#####f---#000-0#spa-#
020 _a9687871806
041 _aspaengfre
044 _amx
050 4 _aNK4031
_b.G85 2010
100 1 _aGuillermo, Rosario
_d1950-
_9165
245 1 0 _aBreve introducción a la historia de la escultura en cerámica en México = Brief Introduction to the History of the Sculpture in Ceramic in Mexico = Brève introduction à L´Histoire de la Sculpture en Céramique au Mexique
_cRosario Guillermo.
260 _aMéxico
_bInstituto de Cultura de Yucatán : CONACULTA
_c2010
300 _a65 p.
_bil. a color
_c26 cm.
500 _aPresenta paginación irregular con hojas repetidas (p. 59-65) y faltantes (p. 19-28)
504 _aBibliografía: p. 65
546 _aTexto en: español, inglés y francés
650 1 4 _aEscultura en cerámica
_xHistoria
_zMéxico
_9166
740 0 _aBrief Introduction to the History of the Sculpture in Ceramic in Mexico
740 0 _aBrève introduction à L´Historie de la Sculpture en Céramique au Mexique
942 _2lcc
_cB
999 _c35
_d35